<?xml version="1.0" encoding="UTF-8"?>
<marc:record xmlns:marc="http://www.loc.gov/MARC21/slim">
   <marc:leader>00000nam a2200000 a 4500</marc:leader>
   <marc:datafield ind1="1" ind2=" " tag="100">
      <marc:subfield code="a">Herrmann, Elisabeth</marc:subfield>
      <marc:subfield code="4">aut</marc:subfield>
      <marc:subfield code="e">Verfasser/-in</marc:subfield>
   </marc:datafield>
   <marc:datafield ind1="0" ind2="0" tag="245">
      <marc:subfield code="a">Das Kindermädchen</marc:subfield>
   </marc:datafield>
   <marc:datafield ind1="0" ind2="0" tag="245">
      <marc:subfield code="c">Elisabeth Herrmann</marc:subfield>
   </marc:datafield>
   <marc:datafield ind1=" " ind2="1" tag="264">
      <marc:subfield code="a">München</marc:subfield>
      <marc:subfield code="b">Random House</marc:subfield>
      <marc:subfield code="c">2012</marc:subfield>
   </marc:datafield>
   <marc:datafield ind1="1" ind2=" " tag="520">
      <marc:subfield code="a">Joachim Vernau ist ganz oben in der Berliner Gesellschaft angekommen. Er steht kurz davor, in die wohlhabende und einflussreiche Familie der von Zernikows einzuheiraten, nicht ahnend, dass ihre Ehrbarkeit nicht viel mehr als Fassade ist. Als eine ukrainische Frau auftaucht und behauptet, die von Zernikows hätten im Zweiten Weltkrieg eine Zwangsarbeiterin beschäftigt, lässt das Familienoberhaupt sie kurzerhand hinaus werfen. Wenig später wird sie tot aus dem Landwehrkanal geborgen. Vernau beginnt unangenehme Fragen zu stellen...</marc:subfield>
   </marc:datafield>
   <marc:datafield ind1=" " ind2=" " tag="020">
      <marc:subfield code="a">4029759073932</marc:subfield>
      <marc:subfield code="9">4029759073932</marc:subfield>
   </marc:datafield>
   <marc:datafield ind1="0" ind2=" " tag="490">
      <marc:subfield code="v">0</marc:subfield>
   </marc:datafield>
   <marc:datafield ind1=" " ind2=" " tag="300">
      <marc:subfield code="a">453 Min.</marc:subfield>
   </marc:datafield>
</marc:record>
